00772nam a2200181 a 4500003000200000005001700002008004100019050002800060100002600088245010400114260009200218300004000310504004300350650004500393650004800438650004500486650005900531020250402153218.0050810s19uu xx 00 eng d aPGS LB 1134b.T258 2005 aTee, Joyce Angelie S. aThe effects of asthma on the academic achievement of lower school students /cJoyce Angelie S. Tee. aLas Piñas City, Philippines : bSouthville International School and Colleges,c2005. a34 pages :billustrations ;c28 cm. aIncludes bibliographical references.  aAsthma in childrenvImpact on education. aAsthmatic studentsvAcademic performance.  aAcademic achievementvHealth influences. a Children with chronic illnessesvEducational effects.